Grammy al Mejor álbum pop vocal - Estadísticas

Estadísticas generales
  • Esta prueba ha sido intentada 86 veces
  • La puntuación promedio es 58 de 132
Estadísticas de respuestas
Año Álbum Respuesta % Correcto
2016 1989 Taylor Swift
100%
2019 Reputation Taylor Swift
100%
2020 Lover Taylor Swift
100%
2021 Folklore Taylor Swift
100%
2024 Midnights Taylor Swift
100%
2021 Fine Line Harry Styles
94%
2023 Harry's House Harry Styles
94%
2015 My Everything Ariana Grande
92%
2017 Dangerous Woman Ariana Grande
92%
2019 Sweetener Ariana Grande
92%
2020 Thank U, Next Ariana Grande
92%
2022 Positions Ariana Grande
92%
2001 Oops!... I Did It Again Britney Spears
92%
2003 Britney Britney Spears
92%
2009 Covers James Taylor
90%
2016 Before This World James Taylor
90%
2011 The Fame Monster Lady Gaga
89%
2012 Born This Way Lady Gaga
89%
2018 Joanne Lady Gaga
89%
2021 Chromatica Lady Gaga
89%
2012 21 Adele
87%
2017 25 Adele
87%
2023 30 Adele
87%
2015 X (Multiplied) Ed Sheeran
87%
2018 ÷ (Divide) Ed Sheeran
87%
2020 No. 6 Collaborations Project Ed Sheeran
87%
2024 - (Subtract) Ed Sheeran
87%
2019 Shawn Mendes Shawn Mendes
87%
2011 Teenage Dream Katy Perry
84%
2015 Prism Katy Perry
84%
2020 When We All Fall Asleep, Where Do We Go? Billie Eilish
81%
2022 Happier Than Ever Billie Eilish
81%
2012 Doo-Woops & Hooligans Bruno Mars
81%
2014 Unorthodox Jukebox Bruno Mars
81%
2019 Camila Camila Cabello
81%
2022 Sour Olivia Rodrigo
81%
2024 Guts Olivia Rodrigo
81%
2020 The Lion King: The Gift Beyoncé
79%
2015 Ghost Stories Coldplay
76%
2018 Kaleidoscope EP Coldplay
76%
2023 Music Of The Spheres Coldplay
76%
2011 My World 2.0 Justin Bieber
76%
2017 Purpose Justin Bieber
76%
2021 Changes Justin Bieber
76%
2022 Justice (Tripple Chucks Deluxe) Justin Bieber
76%
2000 Ricky Martin Ricky Martin
74%
2021 Future Nostalgia Dua Lipa
71%
2012 Loud Rihanna
66%
2015 Bangerz Miley Cyrus
63%
2024 Endless Summer Vacation Miley Cyrus
63%
2008 Back to Black Amy Winehouse
61%
2022 Planet Her (Deluxe) Doja Cat
53%
2014 Pure Heroine Lorde
48%
2014 Paradise Lana del Rey
47%
2018 Lust for Life Lana del Rey
47%
1999 Ray of Light Madonna
47%
2001 Music Madonna
47%
2006 Breakaway Kelly Clarkson
42%
2013 Stronger Kelly Clarkson
42%
2016 Piece by Piece Kelly Clarkson
42%
2019 Meaning of Life Kelly Clarkson
42%
2024 Chemistry Kelly Clarkson
42%
2000 Believe Cher
40%
2004 Justified Justin Timberlake
39%
2007 FutureSex/LoveSounds Justin Timberlake
39%
2014 The 20/20 Experience Justin Timberlake
39%
2004 Stripped Christina Aguilera
37%
2007 Back to Basics Christina Aguilera
37%
2015 In The Lonely Hour Sam Smith
35%
2017 This Is Acting Sia
35%
2023 Voyage ABBA
34%
2017 Confident Demi Lovato
34%
2003 Missundaztood Pink
34%
2010 Funhouse Pink
34%
2013 The Truth About Love Pink
34%
2019 Beautiful Trauma Pink
34%
2002 Songs from the West Coast Elton John
31%
2023 Special Lizzo
31%
2013 Some Nights Fun
27%
2018 Evolve Imagine Dragons
27%
2002 Woah, Nelly! Nelly Furtado
26%
2014 Blurred Lines Robin Thicke
26%
2008 It Won't Be Soon Before Long Maroon 5
24%
2013 Overexposed Maroon 5
24%
2018 Rainbow Kesha
23%
1999 Let's Talk About Love Céline Dion
19%
2010 The Fray The Fray
19%
2000 Millenium Backstreet Boys
16%
2005 Brian Wilson presents Smile Brian Wilson
16%
1999 The Dirty Boogie Brian Setzer Orchestra
13%
2010 The E.N.D. Black Eyed Peas
11%
2002 All for You Janet Jackson
11%
2003 Come Away with Me Norah Jones
11%
2005 Feels Like Home Norah Jones
11%
2013 Ceremonials Florence and the Machine
8%
2016 How Big, How Blue, How Beautiful Florence and the Machine
8%
2016 Uptown Special Mark Ronson
8%
2001 No Strings Attached NSYNC
8%
2002 Celebrity NSYNC
8%
2011 I Dreamed a Dream Susan Boyle
8%
2012 The Lady Killer CeeLo Green
6%
2007 Back to Bedlam James Blunt
6%
2003 Let Go Avril Lavigne
5%
2009 Rockferry Duffy
5%
2006 Love. Angel. Music. Baby Gwen Stefani
5%
2009 Spirit Leona Lewis
5%
2005 Genius Love Company Ray Charles
5%
2002 Loves Rock Sade
5%
2001 Two Against Nature Steely Dan
5%
2008 Lost Highway Bon Jovi
3%
1999 Left of the Middle Natalie Imbruglia
3%
2009 Long Road out of Eden Eagles
2%
2007 The River in Reverse Elvis Costello / Allen Toussaint
2%
2008 The Reminder Feist
2%
2006 Extraordinary Machine Fiona Apple
2%
2007 Continuum John Mayer
2%
2011 Battle Studies John Mayer
2%
2003 Rock Steady No Doubt
2%
2006 Chaos and Creation in the Backyard Paul McCartney
2%
2008 Memory Almost Full Paul McCartney
2%
2000 Brand New Day Sting
2%
2004 Bare Annie Lennox
0%
2010 Breakthrough Colbie Caillat
0%
2001 Inside Job Don Henley
0%
1999 Pilgrim Eric Clapton
0%
2004 Brainwashed George Harrison
0%
2005 Mind Body and Soul Joss Stone
0%
2004 Motown Michael McDonald
0%
2000 Mirrorball Sarah McLachlan
0%
2005 Afterglow Sarah McLachlan
0%
2006 Wildflower Sheryl Crow
0%
2009 Detours Sheryl Crow
0%
No se encontraron pruebas coincidentes
Distribución de puntuación
Porcentaje de gente con cada puntuación
Porcentaje por número respondido
Historial de tus puntuaciones
No has intentado esta prueba.